|
|
|
|
| LEADER |
01137nam a2200241 a 4500 |
| 008 |
091018s2000 bg a l 001 0 eng d |
| 020 |
|
|
|a 984708002x
|
| 040 |
|
|
|a DLC
|c DLC
|d DLC
|
| 082 |
0 |
0 |
|a 346.5492/066
|2 21
|
| 110 |
1 |
|
|a Bangladesh.
|
| 245 |
0 |
0 |
|a Company law & partnership /
|c Nirmalendu Dhar.
|
| 250 |
|
|
|a 2nd English ed.
|
| 260 |
|
|
|a Dhaka :
|b ReMiSi Publishers,
|c 2000.
|
| 300 |
|
|
|a xxviii, 489 p. :
|b ill. ;
|c 25 cm.
|
| 504 |
|
|
|a Includes bibliographical references and index.
|
| 541 |
1 |
|
|e 00009448
|
| 650 |
|
0 |
|a Corporation law
|z Bangladesh.
|
| 650 |
|
0 |
|a Partnership
|z Bangladesh.
|
| 700 |
1 |
|
|a Dhara, Nirmalendu.
|
| 852 |
4 |
|
|a Ayesha Abed Library
|j General shelf
|
| 999 |
|
|
|c 4670
|d 4670
|
| 952 |
|
|
|0 0
|1 0
|2 ddc
|4 0
|6 346_549206600000000_COM_2000
|7 0
|9 4456
|a BRACUL
|b BRACUL
|c GEN
|d 2009-10-18
|g 0.00
|l 16
|m 38
|o 346.5492066 COM
|p 3010009448
|r 2025-06-21
|s 2025-05-07
|t 1
|w 2009-10-18
|y BK
|x No price found in the accession register.
|
| 952 |
|
|
|0 0
|1 4
|2 ddc
|4 0
|6 346_549206600000000_COM_2000
|7 0
|9 4548
|a BRACUL
|b BRACUL
|c GEN
|d 2009-10-21
|g 0.00
|l 8
|m 49
|o 346.5492066 COM
|p 3010011077
|r 2020-01-13
|s 2019-12-19
|t 2
|w 2009-10-21
|y BK
|x No price found in the accession register.
|